Smart English/ (Record no. 176745)

MARC details
000 -LEADER
fixed length control field 00647nam a22001937a 4500
005 - DATE AND TIME OF LATEST TRANSACTION
control field 20210122123224.0
010 ## - LCCN (DPL NO)
LC control number ENG-128816
020 ## - INTERNATIONAL STANDARD BOOK NUMBER
Terms of availability 335.00
International Standard Book Number 978-81-8449-556-0
035 ## - SYSTEM CONTROL NUMBER
System control number EN-112348
037 ## - SOURCE OF ACQUISITION
Source of stock number/acquisition DBAD/PUB
082 ## - DEWEY DECIMAL CLASSIFICATION NUMBER
Classification number 485
100 ## - MAIN ENTRY--PERSONAL NAME
Personal name Sai Ram, A.
245 ## - TITLE STATEMENT
Title Smart English/
Remainder of title by A. Sai Ram and D. Mani
260 ## - PUBLICATION, DISTRIBUTION, ETC. (IMPRINT)
Place of publication, distribution, etc Chennai
Name of publisher, distributor, etc Sura College of Competition
Date of publication, distribution, etc 2018
270 ## - ADDRESS
City Chennai
Postal code 600040
Address 1620, J Block, 16th Main Road, Anna Nagar
Telephone number 044-26162173, 261161099
Electronic mail address enquiry@surabooks.com
300 ## - PHYSICAL DESCRIPTION
Extent 408p.
Dimensions 25cm(pbk)
Other physical details Including tables and illustrations.
700 ## - ADDED ENTRY--PERSONAL NAME
Personal name Mani, D.
942 ## - ADDED ENTRY ELEMENTS (KOHA)
Source of classification or shelving scheme Dewey Decimal Classification
Item type English Books
Classification part 485
Call number suffix SAI
Holdings
Withdrawn status Lost status Not for loan Collection code Home library Current library Date acquired Source of acquisition Cost, normal purchase price Full call number Barcode Copy number Cost, replacement price Koha item type
      Non-fiction Sarojini Nagar Sarojini Nagar 22/01/2021 DBAD/PUB 335.00 485 SAI EN-112348 1 335.00 English Books

© Delhi Public Library
Hit Counter
free hit counter